00399nam a2200121Ia 4500008004100000024004400041082001900085100004400104245004500148260002500193600002100218650003800239250506s9999 xx 000 0 und d a09B-030-BS, 10B-017-BS & 10B-031-BS a005.133072 FAS aFasih-ul-hasan, Fariz Anjum & Ahmed Ali 0aCentralized Restaurant Menus (code book) aKarachi:bUIT,c2010 aComputer Science aBachelor of Computer Science (BS)